| 000 | 00874cam a2200277u 4500 | ||
|---|---|---|---|
| 999 |
_c173374 _d173374 |
||
| 001 | 10176812 | ||
| 003 | Nust | ||
| 005 | 20180723113441.0 | ||
| 008 | 821208s1937 enk 000 0 eng | ||
| 010 | _a 37007812 | ||
| 020 |
_a9780007299812 _cRs. 260 |
||
| 038 | _aArshad | ||
| 040 |
_aDLC _cCarP _dDLC |
||
| 050 | 0 | 0 |
_aPZ3.C4637 _bMpm _aPR6005.H66 |
| 082 | 0 | 0 |
_a823.912 _bCHR |
| 100 | 1 |
_aChristie, Agatha, _d1890-1976. _92976 |
|
| 245 | 1 | 0 | _aMurder in the mews and other stories. |
| 260 |
_aLondon, _bPub. for the Crime club by Collins _c1937 |
||
| 300 |
_a378 p. _c19 cm. |
||
| 600 | 1 | 0 |
_aPoirot, Hercule _c(Fictitious character) _vFiction. _911837 |
| 650 | 0 |
_aPrivate investigators _zEngland _vFiction. _911838 |
|
| 650 | 0 |
_aDetective and mystery stories, English. _98920 |
|
| 906 |
_a0 _bcbc _cpremunv _du _encip _f19 _gy-gencatlg |
||
| 942 |
_2ddc _cBK |
||